Szabó Ervin ellentmondásai. A dialektika problémája Szabó Ervin gondolkodásában

Elmentve itt :
Bibliográfiai részletek
Szerző: Nagy Endre
Adatforrás:Philobibl
Forrásdokumentuma:Magyar Filozófiai Szemle 22
1978/4., 505-527. p.
Dokumentumtípus: Cikk
Nyelv:magyar
LEADER 00344nab a2200097 c 4500
001 bibDOK00008348
005 20200924120410.3
008 060518s1978 xx hun
100 1 |a Nagy Endre 
245 1 0 |a Szabó Ervin ellentmondásai. A dialektika problémája Szabó Ervin gondolkodásában  |c Nagy Endre 
773 0 |t Magyar Filozófiai Szemle 22  |g 1978/4., 505-527. p.